02117nam a22001817a 4500003000400000005001700004008004100021020001800062040001700080050001500097245013300112260004300245300003400288500005100322520142300373700004201796856009701838OSt20260313104033.0260313b |||||||| |||| 00| 0 eng d a9789401791090 aDLCbencDLC aDUCE QH541 aEcology, Systematics, and the Natural History of Predaceous Diving Beetles (Coleoptera: Dytiscidae) / cedited by Donald A. Yee. aLondon:bSpringer Netherlands ,c2014. aXVIII, 468 p.; bill.;c25cm. aIncludes bibliographical references and index aThis comprehensive book provides one of the most complete overviews of the aquatic beetles in the family Dytiscidae, also known as predaceous diving beetles. Dytiscids constitute one of the largest families of freshwater insects with approximately 4,200 named species that come in a variety of sizes, colors, and habitat affinities. Although dytiscid adults and larvae are ubiquitous throughout a variety of aquatic habitats, and are important predators on other aquatic invertebrates and vertebrates, there are no compilations that have focused on summarizing the knowledge on aspects of their ecology, systematics, and biology. Chapters in this book summarize hitherto scattered topics, including their anatomy and habitats, chemical and community ecology, phylogenies and larval morphology including chaetotaxy, sexual systems, predation, dispersal, conservation, and cultural and historical aspects. This knowledge is potentially beneficial to anyone working in aquatic systems where dytiscids are an important part of the food web. Moreover, readers will gain a greater appreciation of dytiscids as model organisms for investigations of fundamental principles derived from ecological and evolutionary theory. Contributed chapters are by authors who are actively engaged in studying dytiscids, and each chapter provides color photos and future directions for researchuhttp://172.20.27.22:4000/handle/123456789/134 aDonald A. Yeeeeditorq Donald A. Yee yhttp://172.20.27.22:4000/handle/123456789/134uhttp://172.20.27.22:4000/handle/123456789/134